000 00511nam a2200193Ia 4500
005 20260429112107.0
008 260429s9999||||xx |||||||||||||| ||und||
020 _a9783031469893
041 _aEnglish
082 _a006.31
_bHOS
100 _aHossain, Eklas
245 0 _aMachine learning crash course for engineers /
_cEklas Hossain
250 _a1st ed.
260 _aSwitzerland :
_bSpringer,
_c2024.
300 _axx, 453 p.; hb
650 _a Engineers
650 _aMachine learning
942 _cTB
999 _c52314
_d52314